Assessing the impact of the internet on trade for selected Eastern and Southern African countries / (Record no. 13055)
[ view plain ]
| 000 -LEADER | |
|---|---|
| fixed length control field | 00833nam a22002292 4500 |
| 001 - CONTROL NUMBER | |
| control field | 0000007259 |
| 005 - DATE AND TIME OF LATEST TRANSACTION | |
| control field | 20151217155832.0 |
| 008 - FIXED-LENGTH DATA ELEMENTS--GENERAL INFORMATION | |
| fixed length control field | 071213s xx 000 0 eng d |
| 020 ## - INTERNATIONAL STANDARD BOOK NUMBER | |
| International Standard Book Number | 9982260456 : |
| Terms of availability | KES |
| 040 ## - CATALOGING SOURCE | |
| Original cataloging agency | KABU |
| Transcribing agency | KABU |
| 100 1# - MAIN ENTRY--PERSONAL NAME | |
| Personal name | Cheelo, Caesar. |
| -- | 0000158446 |
| 245 10 - TITLE STATEMENT | |
| Title | Assessing the impact of the internet on trade for selected Eastern and Southern African countries / |
| Statement of responsibility, etc. | Caesar Cheelo, Themba Munalula, Terrie Walmsley. |
| 260 ## - PUBLICATION, DISTRIBUTION, ETC. (IMPRINT) | |
| Place of publication, distribution, etc. | [Lusaka] : |
| Name of publisher, distributor, etc. | COMESA, |
| Date of publication, distribution, etc. | 2003. |
| 300 ## - PHYSICAL DESCRIPTION | |
| Extent | 99 p. |
| 650 #0 - SUBJECT ADDED ENTRY--TOPICAL TERM | |
| Topical term or geographic name as entry element | Electronic commerce |
| Geographic subdivision | Africa, Eastern. |
| -- | 0000158447 |
| 650 #0 - SUBJECT ADDED ENTRY--TOPICAL TERM | |
| Topical term or geographic name as entry element | Eletronic commerce |
| Geographic subdivision | African, Southern. |
| -- | 0000158448 |
| 700 1# - ADDED ENTRY--PERSONAL NAME | |
| Personal name | Munalula, Themba. |
| -- | 0000158449 |
| 700 1# - ADDED ENTRY--PERSONAL NAME | |
| Personal name | Walmsley, Terrie. |
| -- | 0000158450 |
| 908 ## - PUT COMMAND PARAMETER (RLIN) | |
| Put command parameter | 071213 |
| 950 ## - LOCAL HOLDINGS (RLIN) | |
| -- | 1 |
| Withdrawn status | Lost status | Source of classification or shelving scheme | Not for loan | Home library | Current library | Date acquired | Total Checkouts | Full call number | Barcode | Date last seen | Price effective from | Koha item type |
|---|---|---|---|---|---|---|---|---|---|---|---|---|
| Library of Congress Classification | Kabarak, Main Campus | Kabarak, Main Campus | 17/12/2015 | HF5548.325 .A354C44 | 011470 | 17/12/2015 | 17/12/2015 | Africana Collection |